000 00412nam a2200193Ia 4500
001 14273
003 GE_BSU
008 181216s||||||||xx |||||||||||||| ||und||
020 _a853401837
040 _cGE_BSU
080 _a94(410)
100 _aJudd,Denis
245 4 _aThe British Raj
260 _aLondon
260 _bWayland Publishers
300 _a128p.ill.
653 _aThe British Raj
942 _cBK
999 _c47411
_d47411